My Top Songs on Spotify This Month as of 05/10/2023 - Statistics

General Stats
  • This quiz has been taken 6 times
  • The average score is 17 of 50
Answer Stats
Artist(s) Title Album % Correct
Sza Kill Bill Sos
83%
Sza / Doja Cat Kill Bill Single
83%
Taylor Swift All Too Well (10 Minute Version) (Taylor's Version) (From The Vault) / All Too Well Red (Taylor's Version)
50%
Taylor Swift Anti-Hero Midnights
50%
Pinkpantheress / Ice Spice Boy's A Liar Pt. 2 / Boy's A Liar Single
50%
Rema / Selena Gomez Calm Down Rave & Roses Ultra
50%
Taylor Swift Cardigan Folklore
50%
Taylor Swift Cruel Summer Lover
50%
Taylor Swift Enchanted Speak Now
50%
Taylor Swift Karma Midnights
50%
Taylor Swift Lavender Haze Midnights
50%
Taylor Swift Look What You Made Me Do Reputation
50%
Taylor Swift Lover Lover
50%
Taylor Swift / Brendon Urie Me! Lover
50%
Taylor Swift ...Ready For It? Reputation
50%
Taylor Swift Red Red
50%
Taylor Swift Speak Now Speak Now
50%
Taylor Swift Back To December Speak Now
33%
Taylor Swift Call It What You Want Reputation
33%
Taylor Swift Don't Blame Me Reputation
33%
Taylor Swift / Ed Sheeran / Future End Game Reputation
33%
Taylor Swift Getaway Car Reputation
33%
Taylor Swift Gorgeous Reputation
33%
Taylor Swift Mine Speak Now
33%
Taylor Swift Miss Americana & The Heartbreak Prince Lover
33%
Ice Spice / Nicki Minaj Princess Diana Like..?
33%
Tyler, The Creator / Kali Uchis See You Again Flower Boy
33%
Taylor Swift The 1 Folklore
33%
Taylor Swift The Story Of Us Speak Now
33%
Taylor Swift Vigilante Shit / Vigilante Midnights
33%
Taylor Swift Afterglow Lover
17%
Kim Petras / Nicki Minaj Alone Single
17%
Taylor Swift Better Than Revenge Speak Now
17%
Sza Broken Clocks Ctrl
17%
Taylor Swift Cornelia Street Lover
17%
Taylor Swift Dancing With Our Hands Tied Reputation
17%
Taylor Swift Daylight Lover
17%
Taylor Swift Death By A Thousand Cuts Lover
17%
Taylor Swift Haunted Speak Now
17%
Taylor Swift I Forgot That You Existed Lover
17%
Taylor Swift I Think He Knows Lover
17%
Taylor Swift It's Nice To Have A Friend Lover
17%
Taylor Swift London Boy Lover
17%
Taylor Swift My Tears Ricochet Folklore
17%
Taylor Swift Never Grow Up Speak Now
17%
Taylor Swift Question...? Midnights
17%
Taylor Swift State Of Grace Red
17%
Taylor Swift The Last Great American Dynasty Folklore
17%
Taylor Swift The Man Lover
17%
Taylor Swift This Is Why We Can't Have Nice Things Reputation
17%
No matching quizzes found
Score Distribution
Percent of People with Each Score
Percentile by Number Answered
Your Score History
You have not taken this quiz